Mapa del Mundo Pixelado - Estadísticas

Estadísticas generales
  • Esta prueba ha sido intentada 10.812 veces
  • La puntuación promedio es 1024 de 1129
Respuestas en el mapa
Las respuestas están codificadas por una escala verde-roja en el mapa de la prueba según el % correcto abajo.
 
Estadísticas de respuestas
País % Correcto
Canadá
98%
Estados Unidos
98%
México
98%
Rusia
98%
Argentina
97%
Brasil
97%
España
97%
Chile
96%
China
96%
Francia
96%
Australia
95%
Colombia
95%
Perú
95%
Bolivia
94%
Reino Unido
94%
Uruguay
94%
Venezuela
94%
Alemania
93%
Dinamarca
93%
India
93%
Noruega
93%
Paraguay
93%
Finlandia
92%
Irlanda
92%
Islandia
92%
Italia
92%
Japón
92%
Sudáfrica
92%
Suecia
92%
Ecuador
91%
Marruecos
91%
Egipto
90%
Mongolia
90%
Madagascar
89%
Corea del Sur
88%
Polonia
88%
Corea del Norte
87%
Guyana
87%
Argelia
86%
Nueva Zelanda
86%
Países Bajos
86%
Turquía
86%
Ucrania
86%
Arabia Saudita
85%
Grecia
85%
República Democrática del Congo
85%
Surinam
85%
Indonesia
84%
República del Congo
84%
Irán
83%
Kazajistán
83%
Bielorrusia
81%
Irak
81%
Níger
80%
Guatemala
79%
Pakistán
79%
Sudán
79%
Tailandia
79%
Libia
78%
Nicaragua
78%
Lituania
77%
Nigeria
76%
Rumania
76%
Túnez
76%
Vietnam
76%
Afganistán
75%
Filipinas
75%
Yemen
75%
Austria
74%
Etiopía
74%
Omán
74%
Papua Nueva Guinea
73%
Chad
72%
Nepal
72%
Somalia
72%
Angola
71%
Kenia
71%
Malí
71%
República Checa
71%
Hungría
70%
Bulgaria
69%
Guinea
69%
Laos
69%
Malasia
69%
Mozambique
69%
Serbia
69%
Sudán del Sur
69%
Uzbekistán
69%
Mauritania
68%
Senegal
68%
Siria
67%
Tanzania
67%
Camboya
66%
Myanmar
66%
Zambia
65%
Bangladés
64%
Ghana
64%
Namibia
64%
Turkmenistán
64%
Camerún
63%
República Centroafricana
62%
Botsuana
61%
Jordania
61%
Kirguistán
61%
Zimbabue
61%
Azerbaiyán
60%
Costa de Marfil
60%
Eritrea
60%
Tayikistán
60%
Uganda
59%
Gabón
54%
Burkina Faso
52%
Sierra Leona
51%
Benín
45%
No se encontraron pruebas coincidentes
Distribución de puntuación
Porcentaje de gente con cada puntuación
Porcentaje por número respondido
Historial de tus puntuaciones
No has intentado esta prueba.